| 000 | 00000nam##2200000za#4500 |
| 001 | 9.578366 |
| 003 | CaOODSP |
| 005 | 20210624190044 |
| 007 | cr ||||||||||| |
| 008 | 150406|1986||||xxc|||||o f|0| 0 eng|d |
| 022 | |a1488-5379 |
| 040 | |aCaOODSP|beng |
| 043 | |an-cn--- |
| 086 | 1 |aFs97-6/1486E-PDF |
| 110 | 1 |aCanada. |bDepartment of Fisheries and Oceans. |
| 245 | 10|aEnvironmental Advisory Committee on Arctic Marine Transportation – review of activities, 1981 through 1985 / |h[electronic resource]|cEdited by H.B. Nichols. |
| 260 | |aDartmouth - Nova Scotia : |bFisheries and Oceans Canada |c1986. |
| 300 | |a46p. |
| 490 | 1 |aCanadian technical report of fisheries and aquatic sciences|x1488-5379|vNo. 1486 |
| 500 | |aOn t.p.: Bedford Institute of Oceanography, Dartmouth, Nova Scotia. The catalogue number and ISSN for the print edition appear in the PDF version. |
| 546 | |a(Résumé en français) |
| 590 | |a14-02-Supp|b2014-01-08 |
| 720 | 1 |aNichols, H. B. |
| 830 | #0|aCanadian technical report of fisheries and aquatic sciences,|x1488-5379|vNo. 1486|w(CaOODSP)9.504449 |
| 856 | 40|ahttp://publications.gc.ca|qPDF|s1498 KB|uhttps://publications.gc.ca/collections/collection_2013/mpo-dfo/Fs97-6-1486-eng.pdf|yNo. 1486 |